| 000 | 00720nam a2200193Ia 4500 | ||
|---|---|---|---|
| 008 | 140321s9999 xx 000 0 und d | ||
| 020 | _a9780415655286 | ||
| 050 |
_aHM 1106 _b.In59 2001 |
||
| 245 |
_aInterpersonal Sensitivity : _btheory and measurement / _cedited by : Judith A. Hall and Frank J. Bernieri. |
||
| 260 |
_aNew Jersey : _bLawrence Erlbaum Associates, _cc2001. |
||
| 300 |
_a378 p. : _bill. ; _c24 cm. |
||
| 440 | _a(The LEA series in personality and clinical psychology). | ||
| 500 | _aIncludes bibliographical references and indexes. | ||
| 521 | _aPSYCH | ||
| 650 |
_aInterpersonal relations _xResearch. |
||
| 650 |
_aSensitivity (Personality trait) _xResearch. |
||
| 942 |
_kFOR _cBK |
||
| 999 |
_c48698 _d48698 |
||